书目信息 |
| 题名: |
汽车底盘构造与维修教程
|
|
| 作者: | 任玉仪 主编 | |
| 分册: | ||
| 出版信息: | 北京 中国劳动社会保障出版社 2019重印 |
|
| 页数: | 195页 | |
| 开本: | 26cm | |
| 丛书名: | ||
| 单 册: | ||
| 中图分类: | U463.103 , U472.41 | |
| 科图分类: | ||
| 主题词: | 汽车--qi che--底盘--结构--教材 , 汽车--qi che--底盘--维修--教材 | |
| 电子资源: | ||
| ISBN: | 978-7-5167-1821-6 | |
| 000 | 00961nam0 2200265 45 | |
| 001 | 012001000486 | |
| 005 | 20140106102348.0 | |
| 010 | @a978-7-5167-1821-6@dCNY25.00 | |
| 099 | @aCAL 012015094856 | |
| 100 | @a20150804d2015 em y0chiy50 ea | |
| 101 | 0 | @achi |
| 102 | @aCN@b110000 | |
| 105 | @aak z 000yy | |
| 106 | @ar | |
| 200 | 1 | @a汽车底盘构造与维修教程@Aqi che di pan gou zao yu wei xiu jiao cheng@f主编任玉仪 |
| 210 | @a北京@c中国劳动社会保障出版社@d2019重印 | |
| 215 | @a195页@c图@d26cm | |
| 330 | @a本书以典型任务为切入点, 按照一体化模式引领读者按照学习任务先学习相关理论知识, 以大量的图片诠释了传动系、行驶系、转向系、制动系这四大系统常见的结构与原理、典型的故障现象与维修方法。 | |
| 606 | 0 | @a汽车@Aqi che@x底盘@x结构@j教材 |
| 606 | 0 | @a汽车@Aqi che@x底盘@x维修@j教材 |
| 690 | @aU463.103@v5 | |
| 690 | @aU472.41@v5 | |
| 701 | 0 | @a任玉仪@Aren yu yi@4主编 |
| 801 | 0 | @aCN@b北京卓展文化@c20191020 |
| 905 | @b1200510-3@dU463.103@e855@f4 | |
| 汽车底盘构造与维修教程/主编任玉仪.-北京:中国劳动社会保障出版社,2019重印 |
| 195页:图;26cm |
| ISBN 978-7-5167-1821-6:CNY25.00 |
| 本书以典型任务为切入点, 按照一体化模式引领读者按照学习任务先学习相关理论知识, 以大量的图片诠释了传动系、行驶系、转向系、制动系这四大系统常见的结构与原理、典型的故障现象与维修方法。 |
| ● |
| 相关链接 |
|
|
|
|
正题名:汽车底盘构造与维修教程
索取号:U463.103/855
 
预约/预借
| 序号 | 登录号 | 条形码 | 馆藏地/架位号 | 状态 | 备注 |
| 1 | 1200510 | 212005104 | 第二样本阅览室/ [索取号:U463.103/855] | 在馆 | |
| 2 | 1200511 | 212005113 | 第三借阅区/ [索取号:U463.103/855] | 在馆 | |
| 3 | 1200512 | 212005122 | 第三借阅区/ [索取号:U463.103/855] | 在馆 | |
| 4 | 1200513 | 212005131 | 第三借阅区/ [索取号:U463.103/855] | 在馆 |